00703nam a22001937a 4500003001200000005001700012008004100029020001500070040001200085082001700097100002400114245007000138260001100208650003500219942001200254999001700266952011300283952011300396NUST - PNEC20170116181119.0151004b xxu||||| |||| 00| 0 eng d a9694072778 cLIBRARY a954.9105 AZA 913366aAzam, K. M.  aPakistan : economy, politics, philosophy and religioncK. M. Azam cc.2002 913368aPakistanxGeneral books 2ddccBK c69473d69473 00102ddc4070aPNECbPNECcWING-Bd0000-00-00l0o954.9105 AZApPNECLIB-026034r2015-10-04w0000-00-00yBK 00102ddc4070aPNECbPNECcWING-Ad0000-00-00l0o954.9105 AZApPNECLIB-028603r2015-10-07w0000-00-00yBK